000 00728nam a2200265Ia 4500
005 20260121170020.0
008 008 260114s9999 xx 000 0 eng d
020 _a9783319324234
037 _aEBOOK
040 _aCRL
040 _beng
040 _cCRL
041 _2eng
041 _aeng
084 _qCRL
100 _aMohammad Anwar Hossain, Shabir Hussain Wani, Soumen Bhattacharjee, David J Burritt, Lam-Son Phan Tran
_91058761
245 0 _aDrought Stress Tolerance in Plants, Vol 2
260 _bSpringer
260 _bSpringer
260 _c2016
856 _uhttps://link.springer.com/openurl?genre=book&isbn=978-3-319-32423-4
942 _cEBOOK
999 _c1624490
_d1624490